000 01256cam a22002655a 4500
001 L160244
008 190524s2019 xxk f 000 0 eng d
020 _a9780128128176
035 _a(Sirsi) u160244
041 0 _aeng
100 1 _aAsdrubali, Francesco
245 0 0 _aHandbook of energy efficiency in building
_bA lifecycle approach
_h[electronic resource]
260 _aOxford
_bButterman-Heinemann
_c2019
520 _aLooks at energy efficiency in buildings from a life cycle approach. Outlines national and international standards and considers rating systems for measuring zero energy and efficient buildings. Discusses life cycle costing of building components and materials and entire buildings and a range of simulation tools for energy modelling. Concludes with building building automation for enhancing energy efficnency and addressing energy efficecncy measures in building renovation.
521 _aAdvanced
590 _aNTK
650 2 4 _aENERGY EFFICIENCY
650 2 4 _aLIFE CYCLE COSTING
650 2 4 _aEBOOK
651 4 _aInternational
690 _aEnergy
_96237
700 1 _aDesideri, Umberto
856 4 0 _uhttps://www.vlebooks.com/
_zView on VLEbooks. Logins for members only from [email protected]
942 _n0
_2ddc
999 _c116295
_d116295